[Event "Titled Tuesday intern op 06th Feb Early"]
[Site "Chess.com INT"]
[Date "2024.02.06"]
[Round "1"]
[White "Sammons, Evan"]
[Black "Dilmukhametov, Artur"]
[Result "1-0"]
[WhiteElo "2046"]
[BlackElo "2276"]
[PlyCount "63"]
[EventDate "2024.02.06"]
[EventType "swiss (blitz)"]
[EventRounds "11"]
[EventCountry "USA"]
[SourceTitle "CB07_2024"]
[SourceDate "2024.02.14"]
[SourceVersion "1"]
[SourceVersionDate "2024.02.14"]
[SourceQuality "1"]

1. d4 Nf6 2. c4 g6 3. Nc3 Bg7 4. e4 d6 5. Nf3 0-0 6. Be2 Re8 7. 0-0 e5 8. d5 Nbd7 9. Be3 h6 10. Nd2 b6 11. b4 a5 12. a3 axb4 13. axb4 Bb7 14. Qc2 Qe7 15. Nb5 Nf8 16. c5 bxc5 17. bxc5 Rxa1 18. Rxa1 Ra8 19. Rxa8 Bxa8 20. Qa4 Bb7 21. Qa7 Bc8 22. cxd6 Qd7 23. Qxc7 Qxc7 24. dxc7 g5 25. Na7 Bb7 26. c8Q Bxc8 27. Nxc8 N8d7 28. f3 Nh5 29. Nc4 Nf4 30. Bf1 Ng6 31. N8b6 Nf4 32. Nxd7 1-0

[Event "Titled Tuesday intern op 18th Jul Early"]
[Site "Chess.com INT"]
[Date "2023.07.18"]
[Round "1"]
[White "Tsaruk, Maksim"]
[Black "Sammons, Evan"]
[Result "1-0"]
[WhiteElo "2393"]
[BlackElo "1959"]
[PlyCount "55"]
[EventDate "2023.07.18"]
[EventType "swiss (blitz)"]
[EventRounds "11"]
[EventCountry "USA"]
[SourceTitle "EXT 2024"]
[Source "ChessBase"]
[SourceDate "2023.10.10"]
[SourceVersion "1"]
[SourceVersionDate "2023.10.10"]
[SourceQuality "1"]

1. e4 c5 2. Nf3 Nc6 3. d4 cxd4 4. Nxd4 Nf6 5. Nc3 d6 6. Bg5 e6 7. Qd2 a6 8. 0-0-0 Bd7 9. f4 Be7 10. Nf3 b5 11. Bxf6 gxf6 12. Kb1 b4 13. Ne2 Qb6 14. f5 h5 15. Nf4 0-0-0 16. Bc4 exf5 17. Nd5 Qa5 18. Nxe7+ Nxe7 19. Qxd6 Nc6 20. exf5 Kb7 21. Bd5 Qc7 22. Qxf6 Rhe8 23. Qxf7 Rf8 24. Qxh5 Rxf5 25. Qh7 Rff8 26. Rhe1 Kb8 27. Qd3 Bf5 28. Qc4 1-0

[Event "Titled Tuesday intern op 06th Jun Early"]
[Site "Chess.com INT"]
[Date "2023.06.06"]
[Round "1"]
[White "Hakobyan, Aram"]
[Black "Sammons, Evan"]
[Result "1-0"]
[WhiteElo "2613"]
[BlackElo "1985"]
[PlyCount "49"]
[EventDate "2023.06.06"]
[EventType "swiss (blitz)"]
[EventRounds "11"]
[EventCountry "USA"]
[SourceTitle "EXT 2024"]
[Source "ChessBase"]
[SourceDate "2023.10.10"]
[SourceVersion "1"]
[SourceVersionDate "2023.10.10"]
[SourceQuality "1"]

1. d4 Nf6 2. c4 e6 3. Nc3 Bb4 4. e3 b6 5. a3 Bxc3+ 6. bxc3 Ba6 7. Bd3 Nc6 8. e4 Na5 9. e5 Ng8 10. Qg4 Kf8 11. Bg5 Qc8 12. Qe2 c5 13. d5 Ne7 14. Nf3 h6 15. Bxe7+ Kxe7 16. 0-0 Qb7 17. Rad1 Rag8 18. Rfe1 g5 19. Nd2 Kd8 20. Ne4 Qc7 21. Nd6 Rf8 22. Qh5 Ke7 23. Nxf7 Qb8 24. d6+ Ke8 25. Nxh8+ 1-0

[Event "Titled Tuesday intern op 23rd May Early"]
[Site "Chess.com INT"]
[Date "2023.05.23"]
[Round "1"]
[White "Sammons, Evan"]
[Black "Butolo, Alexandru Mircea"]
[Result "1-0"]
[WhiteElo "1984"]
[BlackElo "1999"]
[PlyCount "93"]
[EventDate "2023.05.23"]
[EventType "swiss (blitz)"]
[EventRounds "11"]
[EventCountry "USA"]
[SourceTitle "CBM 214 Extra"]
[Source "ChessBase"]
[SourceDate "2023.07.31"]
[SourceVersion "1"]
[SourceVersionDate "2023.07.31"]
[SourceQuality "1"]

1. Nf3 Nf6 2. g3 b5 3. Bg2 Bb7 4. 0-0 e6 5. d3 Be7 6. e4 0-0 7. Nbd2 d6 8. a4 b4 9. Re1 c5 10. c3 bxc3 11. bxc3 Nbd7 12. d4 cxd4 13. cxd4 d5 14. e5 Ne4 15. Nxe4 dxe4 16. Nd2 f5 17. exf6 Nxf6 18. Nxe4 Bb4 19. Nxf6+ Qxf6 20. Re2 Bxg2 21. Kxg2 Bc3 22. Bb2 Qf3+ 23. Kg1 Rad8 24. Ra3 Rc8 25. Rxc3 Rxc3 26. Bxc3 Qxc3 27. Rxe6 Qc4 28. Re3 Qa2 29. Re2 Qc4 30. d5 Rd8 31. d6 Qc6 32. Qb3+ Kf8 33. Re7 Qc1+ 34. Kg2 Qc6+ 35. Qf3+ Qxf3+ 36. Kxf3 a5 37. Ra7 Rxd6 38. Rxa5 Rd3+ 39. Kg2 Ra3 40. Ra7 Kg8 41. g4 h6 42. f4 Kh7 43. f5 Ra2+ 44. Kg3 Ra3+ 45. Kh4 Kg8 46. Kh5 Rh3+ 47. Kg6 1-0

[Event "Titled Tuesday intern op 23rd May Early"]
[Site "Chess.com INT"]
[Date "2023.05.23"]
[Round "4"]
[White "Sammons, Evan"]
[Black "Suyarov, Mukhammadzokhid"]
[Result "0-1"]
[WhiteElo "1984"]
[BlackElo "2255"]
[PlyCount "118"]
[EventDate "2023.05.23"]
[EventType "swiss (blitz)"]
[EventRounds "11"]
[EventCountry "USA"]
[SourceTitle "CBM 214 Extra"]
[Source "ChessBase"]
[SourceDate "2023.07.31"]
[SourceVersion "1"]
[SourceVersionDate "2023.07.31"]
[SourceQuality "1"]

1. Nf3 Nf6 2. g3 d5 3. Bg2 Bg4 4. 0-0 e6 5. h3 Bh5 6. c4 c6 7. Qb3 Qb6 8. d3 Nbd7 9. Be3 Bc5 10. Bxc5 Nxc5 11. Qc2 0-0 12. Nbd2 Rfd8 13. a3 a5 14. b3 Na6 15. Rab1 Bg6 16. Ne5 Nd7 17. Nxg6 hxg6 18. e3 Qc5 19. Qb2 e5 20. Rfc1 dxc4 21. Nxc4 Nc7 22. b4 axb4 23. axb4 Qe7 24. Nd2 Nb5 25. Ne4 Nb6 26. Nc5 Na4 27. Qc2 Nxc5 28. bxc5 Ra3 29. Bf1 Rc3 30. Qb2 Rxc5 31. Rxc5 Qxc5 32. d4 exd4 33. Bxb5 cxb5 34. exd4 Qxd4 35. Qxd4 Rxd4 36. Rxb5 Rd7 37. h4 Kf8 38. Kg2 Ke8 39. g4 Kd8 40. Kg3 Kc7 41. h5 gxh5 42. gxh5 Kc6 43. Rg5 f6 44. Rg6 Rf7 45. Rg4 b5 46. Rb4 Kc5 47. Rb1 b4 48. Kf3 Re7 49. Rc1+ Kb5 50. Rc8 b3 51. Rb8+ Kc4 52. Kf4 Kc3 53. Rc8+ Kd2 54. Rb8 Kc2 55. Rc8+ Kb1 56. Kf5 Re5+ 57. Kg6 Rg5+ 58. Kf7 Rxh5 59. Kxg7 Rf5 0-1

[Event "Titled Tuesday intern op 16th May Early"]
[Site "Chess.com INT"]
[Date "2023.05.16"]
[Round "3"]
[White "Sammons, Evan"]
[Black "Cieslak, Patryk"]
[Result "0-1"]
[WhiteElo "1984"]
[BlackElo "2319"]
[PlyCount "70"]
[EventDate "2023.05.16"]
[EventType "swiss (blitz)"]
[EventRounds "11"]
[EventCountry "USA"]
[SourceTitle "CBM 214 Extra"]
[Source "ChessBase"]
[SourceDate "2023.07.31"]
[SourceVersion "1"]
[SourceVersionDate "2023.07.31"]
[SourceQuality "1"]

1. d4 Nf6 2. c4 e6 3. Nf3 d5 4. g3 Bb4+ 5. Bd2 Be7 6. Bg2 0-0 7. 0-0 c6 8. Qc2 Nbd7 9. Bf4 b6 10. Nbd2 Ba6 11. Rac1 Nh5 12. Rfd1 Nxf4 13. gxf4 Bb7 14. e3 Rc8 15. Qa4 dxc4 16. Qxc4 c5 17. dxc5 Bxc5 18. Qe2 Qe7 19. Nb3 a5 20. Nxc5 Nxc5 21. Nd4 Bxg2 22. Kxg2 e5 23. Nf5 Qf6 24. Qg4 exf4 25. Qxf4 Ne6 26. Qe4 Qg6+ 27. Ng3 f5 28. Qe5 Rxc1 29. Rxc1 f4 30. exf4 Nxf4+ 31. Kh1 Nd3 32. Qd5+ Kh8 33. Rc2 Nb4 34. Qe4 Qxe4+ 35. Nxe4 Nxc2 0-1

[Event "Titled Tuesday intern op 16th May Late"]
[Site "Chess.com INT"]
[Date "2023.05.16"]
[Round "1"]
[White "Sammons, Evan"]
[Black "Ibarra Jerez, Jose Carlos"]
[Result "0-1"]
[WhiteElo "1984"]
[BlackElo "2563"]
[PlyCount "114"]
[EventDate "2023.05.16"]
[EventType "swiss (blitz)"]
[EventRounds "11"]
[EventCountry "USA"]
[SourceTitle "CBM 214 Extra"]
[Source "ChessBase"]
[SourceDate "2023.07.31"]
[SourceVersion "1"]
[SourceVersionDate "2023.07.31"]
[SourceQuality "1"]

1. d4 Nf6 2. c4 d6 3. Nc3 e5 4. Nf3 e4 5. Ng5 Qe7 6. f3 exf3 7. Nxf3 c6 8. Bg5 Nbd7 9. Qd2 h6 10. Bh4 g5 11. Bf2 Ng4 12. e3 Bg7 13. Bd3 Nxf2 14. Qxf2 g4 15. Nh4 Bxd4 16. Nf5 Bxc3+ 17. bxc3 Nc5 18. Bc2 Qe5 19. Nd4 Be6 20. 0-0 Bxc4 21. Rfd1 0-0-0 22. Bf5+ Kc7 23. Bxg4 Rde8 24. Nf5 Ne4 25. Qf4 Rhg8 26. Bf3 Nxc3 27. Rxd6 Qxf4 28. exf4 Be6 29. Rd3 Ne2+ 30. Bxe2 Bxf5 31. Rd2 Be4 32. g3 Rd8 33. Rad1 Rxd2 34. Rxd2 Rd8 35. Rb2 b5 36. Kf2 Bd5 37. Rc2 Kb6 38. Rd2 a5 39. g4 b4 40. g5 hxg5 41. fxg5 Rg8 42. h4 Kc5 43. Bf3 Bxf3 44. Kxf3 a4 45. Rd3 Kc4 46. Re3 b3 47. axb3+ axb3 48. Re4+ Kc3 49. Re3+ Kb4 50. Re2 c5 51. Kf4 c4 52. h5 c3 53. Re7 c2 54. Rc7 b2 55. Rb7+ Kc3 56. Rc7+ Kd2 57. Rd7+ Ke2 0-1

[Event "Charlotte Carolinas op"]
[Site "Charlotte"]
[Date "2021.06.19"]
[Round "3"]
[White "Sammons, Evan"]
[Black "Putnam, Liam H"]
[Result "0-1"]
[WhiteElo "1604"]
[BlackElo "2104"]
[PlyCount "56"]
[EventDate "2021.06.18"]
[EventType "swiss"]
[EventRounds "5"]
[EventCountry "USA"]
[SourceTitle "CBM 203 Extra"]
[Source "ChessBase"]
[SourceDate "2021.09.30"]
[SourceVersion "1"]
[SourceVersionDate "2021.09.30"]
[SourceQuality "1"]

1. d4 Nf6 2. c4 e6 3. g3 d5 4. Bg2 Bb4+ 5. Nd2 0-0 6. Ngf3 dxc4 7. Qc2 Nc6 8. Qxc4 Bd6 9. 0-0 e5 10. dxe5 Nxe5 11. Nxe5 Bxe5 12. Qc2 c6 13. Nc4 Bc7 14. Rd1 Qe7 15. b3 Re8 16. e3 Bg4 17. Rd2 Qe6 18. Bb2 Rad8 19. Rxd8 Rxd8 20. Bd4 b6 21. Qb2 c5 22. Bc3 h6 23. a4 Rd3 24. Bf1 Rd7 25. Ne5 Bxe5 26. Bxe5 Ne4 27. Bc3 Qf5 28. Qc2 Rd2 0-1